| 000 | 00537nam a2200157Ia 4500 | ||
|---|---|---|---|
| 008 | 160316s1995 xxu||||| |||| 00| 0 eng d | ||
| 082 |
_a321.400000 _bGOU |
||
| 100 | _aGould Carol C | ||
| 245 | _aRethinking democracy : Freedom and social co-operation in politics, economy and society | ||
| 250 | _a | ||
| 260 |
_aNew York _bCambridge University Press _c1995 |
||
| 300 |
_a363p _b _c |
||
| 365 | _bRs.346.08 | ||
| 650 | _a1.Democratic Form - Government - Theories 2.Democratic Form - Government - Problems - Perspectives | ||
| 700 |
_a _a |
||
| 999 |
_c12673 _d12673 |
||